| 000 | 01055cab a2200361 4500 | ||
|---|---|---|---|
| 001 | WB2845-60 | ||
| 008 | 090401t1992 xxu||||| |||| 00| 0 eng d | ||
| 035 | _a(Sirsi) u63707 | ||
| 041 | _aeng | ||
| 245 | _aUrban regeneration | ||
| 260 | _c1992 | ||
| 350 | _a0 | ||
| 490 |
_aAction for Cities News Release _v(747) 16 November 1992 (3) |
||
| 520 | _aAlmost £1bn will be allocated to urban regeneration programmes during 1993/94: Capital Partnership, City Challenge, Derelict Land Grant, City Grant, task forces, UDCs and the Manchester Olympic bid. | ||
| 650 | _aBIRMINGHAM | ||
| 650 | _aCAPITAL PARTNERSHIP | ||
| 650 | _aCITY CHALLENGE | ||
| 650 | _aCITY GRANT | ||
| 650 | _aDERELICT LAND GRANT | ||
| 650 | _aFUNDING | ||
| 650 | _aGRANTS | ||
| 650 | _aHARINGAY | ||
| 650 | _aMANCHESTER | ||
| 650 | _aMANCHESTER 2000 OLYMPIC BID | ||
| 650 | _aOLYMPIC GAMES 2000 | ||
| 650 | _aPLYMOUTH | ||
| 650 | _aSTOCKTON | ||
| 650 | _aTASK FORCES | ||
| 650 | _aUDCS | ||
| 690 | _aURBAN RENEWAL | ||
| 942 | _n0 | ||
| 948 | _c04/03/1997 | ||
| 999 |
_c39618 _d39618 |
||